000 00671cam a2200229I 4500
001 51644
005 20230404130024.0
008 730828s1953 cu a 000 0 spa c
010 _a 55059182
035 _a(OCoLC)ocm00682723
040 _aKSU
_cKSU
_dOCLCQ
035 _a(OCoLC)682723
050 1 4 _a107 F 1787
_bE82M 1953
100 1 _aMárquez Sterling, Carlos,
_d1899-
245 1 0 _aDon Tomás, biografía de una época.
_cIlus. de J.L. Horstman Manrara.
260 _aLa Habana :
_bEditorial Lex,
_c1953.
300 _a514 p.
_billus.
_c21 cm.
600 1 0 _aEstrada Palma, Tomás,
_d1835-1908.
942 _2lcc
_cbk
994 _aC0
_bDRFGD
946 _aLspaulino
999 _c9391
_d9391